Arithmetic. t.IV /
Kaydedildi:
| Yazar: | |
|---|---|
| Diğer Yazarlar: | , , |
| Materyal Türü: | Sách giấy |
| Dil: | English |
| Baskı/Yayın Bilgisi: |
River Forest, Illinois :
Laidlaw Brothers,
1963.
|
| Etiketler: |
Etiketle
Etiket eklenmemiş, İlk siz ekleyin!
|
| Thư viện lưu trữ: | Thư viện Trường Đại học Đà Lạt |
|---|
| LEADER | 00717nam a2200301 4500 | ||
|---|---|---|---|
| 001 | DLU100110233 | ||
| 005 | ##2010082 | ||
| 040 | # | # | |a DLU |b vie |
| 041 | # | # | |a eng |
| 044 | # | # | |a us |
| 082 | # | # | |a 513 |b Ari |
| 100 | # | # | |a McSwain, E. T. |
| 245 | # | # | |a Arithmetic. |n t.IV / |c E. T. McSwain,...[et all] . |
| 260 | # | # | |a River Forest, Illinois : |b Laidlaw Brothers, |c 1963. |
| 300 | # | # | |a 336 p. ; |c 25 cm. |
| 700 | # | # | |a Brown, Kenneth E. |
| 700 | # | # | |a Cooke, Ralph J. |
| 700 | # | # | |a Gundlach, Bernard H. |
| 923 | # | # | |a 100/2010 |
| 992 | # | # | |a 0 |
| 994 | # | # | |a DLU |
| 900 | # | # | |a True |
| 911 | # | # | |a Lý Thị Hồng Hạnh |
| 925 | # | # | |a G |
| 926 | # | # | |a A |
| 927 | # | # | |a SH |
| 980 | # | # | |a Thư viện Trường Đại học Đà Lạt |